Pathophysiology concepts of altered health states (Record no. 2758)

MARC details
000 -LEADER
fixed length control field 00381nam a2200145Ia 4500
008 - FIXED-LENGTH DATA ELEMENTS--GENERAL INFORMATION
fixed length control field 230312s9999||||xx |||||||||||||| ||und||
020 ## - INTERNATIONAL STANDARD BOOK NUMBER
International Standard Book Number 0-7817-2881-9
082 ## - DEWEY DECIMAL CLASSIFICATION NUMBER
Classification number 616.07
Item number POR-P
100 ## - MAIN ENTRY--PERSONAL NAME
Personal name Porth;carol,mattson
245 #0 - TITLE STATEMENT
Title Pathophysiology concepts of altered health states
260 ## - PUBLICATION, DISTRIBUTION, ETC.
Name of publisher, distributor, etc. Lipponcott
Place of publication, distribution, etc. UK
Date of publication, distribution, etc. 2002
300 ## - PHYSICAL DESCRIPTION
Extent 1524
650 ## - SUBJECT ADDED ENTRY--TOPICAL TERM
Topical term or geographic name entry element Medical
Form subdivision Physiology
942 ## - ADDED ENTRY ELEMENTS (KOHA)
Koha item type BOOK
Holdings
Withdrawn status Lost status Source of classification or shelving scheme Damaged status Not for loan Home library Current library Date acquired Total Checkouts Full call number Barcode Date last seen Date last checked out Price effective from Koha item type
    Dewey Decimal Classification     Superior Information Resource Center (SIRC) Superior University- Main Campus Superior Information Resource Center (SIRC) Superior University- Main Campus 03/13/2023 1 616.07 POR-P 2771 04/16/2025 04/16/2025 03/13/2023 BOOK

Powered by Koha